<?xml version="1.0" encoding="UTF-8"?>
<record
    xmlns:xsi="http://www.w3.org/2001/XMLSchema-instance"
    xsi:schemaLocation="http://www.loc.gov/MARC21/slim http://www.loc.gov/standards/marcxml/schema/MARC21slim.xsd"
    xmlns="http://www.loc.gov/MARC21/slim">

  <leader>00660nam a2200181Ia 4500</leader>
  <controlfield tag="008">100920s9999    xx            000 0 und d</controlfield>
  <datafield tag="082" ind1=" " ind2=" ">
    <subfield code="b">66846</subfield>
    <subfield code="a">28 &#x935; 51 &#x925; 92</subfield>
  </datafield>
  <datafield tag="100" ind1=" " ind2=" ">
    <subfield code="a">&#x916;&#x947;&#x930; &#x92D;&#x93E;.&#x926;.</subfield>
  </datafield>
  <datafield tag="245" ind1=" " ind2=" ">
    <subfield code="a">&#x92A;&#x902;&#x921;&#x93F;&#x924; &#x91C;&#x935;&#x93E;&#x939;&#x930;&#x932;&#x93E;&#x932; &#x928;&#x947;&#x939;&#x930;&#x942;.</subfield>
  </datafield>
  <datafield tag="260" ind1=" " ind2=" ">
    <subfield code="b">&#x92D;&#x93E;&#x930;&#x924;&#x940; &#x92A;&#x94D;&#x930;&#x915;&#x93E;&#x936;&#x928;, &#x92A;&#x941;&#x923;&#x947;.</subfield>
    <subfield code="c">1992</subfield>
  </datafield>
  <datafield tag="300" ind1=" " ind2=" ">
    <subfield code="a">32</subfield>
    <subfield code="b">&#x938;&#x93E;&#x927;&#x940;</subfield>
  </datafield>
  <datafield tag="365" ind1=" " ind2=" ">
    <subfield code="b">10</subfield>
  </datafield>
  <datafield tag="520" ind1=" " ind2=" ">
    <subfield code="a">&#x92C;&#x93E;. &#x935;&#x93F; &#x91A;&#x930;&#x93F;&#x924;&#x94D;&#x930;.</subfield>
  </datafield>
  <datafield tag="630" ind1=" " ind2=" ">
    <subfield code="a">&#x92A;&#x902;&#x921;&#x93F;&#x924; &#x91C;&#x935;&#x93E;&#x939;&#x930;&#x932;&#x93E;&#x932; &#x928;&#x947;&#x939;&#x930;&#x942;.</subfield>
  </datafield>
  <datafield tag="650" ind1=" " ind2=" ">
    <subfield code="a">&#x92C;&#x93E;. &#x935;&#x93F; &#x91A;&#x930;&#x93F;&#x924;&#x94D;&#x930;.</subfield>
  </datafield>
  <datafield tag="730" ind1=" " ind2=" ">
    <subfield code="a">&#x92A;&#x902;&#x921;&#x93F;&#x924; &#x91C;&#x935;&#x93E;&#x939;&#x930;&#x932;&#x93E;&#x932; &#x928;&#x947;&#x939;&#x930;&#x942;.</subfield>
  </datafield>
  <datafield tag="942" ind1=" " ind2=" ">
    <subfield code="c">BOOK</subfield>
  </datafield>
  <datafield tag="999" ind1=" " ind2=" ">
    <subfield code="c">709393</subfield>
    <subfield code="d">709390</subfield>
  </datafield>
  <datafield tag="952" ind1=" " ind2=" ">
    <subfield code="0">0</subfield>
    <subfield code="1">0</subfield>
    <subfield code="4">0</subfield>
    <subfield code="7">0</subfield>
    <subfield code="a">SATVAC</subfield>
    <subfield code="b">SATVAC</subfield>
    <subfield code="c">28 &#x935; 51 &#x925; 92</subfield>
    <subfield code="d">0000-00-00</subfield>
    <subfield code="g">10.00</subfield>
    <subfield code="l">0</subfield>
    <subfield code="p">SATVAC-66846</subfield>
    <subfield code="r">2010-09-20 00:00:00</subfield>
    <subfield code="w">2010-09-20</subfield>
    <subfield code="y">BOOK</subfield>
    <subfield code="z">&#x926;&#x947;&#x935;&#x918;&#x947;&#x935;</subfield>
  </datafield>
</record>
